00365nam a2200145Ia 4500008004100000020001500041041001200056082001600068100001400084245004300098260003500141300000800176650001500184700002000199221030s9999 xx 000 0 und d a8178085720 aEnglish a105.23bHer aP. Hersey 0aManagement Of Organisational Behaviour bPearson EducationaDelhic2005 a516 aManagement aK. H. Blanchard